Estadísticas para Ciudades más pobladas de Argentina

Haz click aquí para intentar la prueba.

Estadísticas generales

  • Esta prueba ha sido intentada 387 veces
  • La puntuación promedio es 9 de 15

Estadísticas de respuestas

PoblaciónCiudad% Correcto
2.890.151Buenos Aires
100%
1 429 604Córdoba
97%
1 400 000Rosario
92%
500 000Ciudad de Santa Fe
80%
699 523La Plata
79%
535 303Ciudad de Salta
71%
664 892Mar del Plata
70%
314 546Ciudad de Corrientes
52%
299 101Bahía Blanca
51%
694 327San Miguel de Tucumán
48%
354 719Posadas
47%
290 723Resistencia
46%
459 263Lanús
13%
292 878San Isidro
7%
274 082Vicente López
4%

Distribución de puntuación

Porcentaje por número respondido

Porcentaje de gente con cada puntuación

Historial de tus puntuaciones

No has intentado esta prueba.